000 02750nam a2200589Ia 4500
003 PE-LiUPU
005 20250731180055.0
008 151209s2014 sp a rb 000 0 spa d
020 _a8428329702
020 _a9788428329705
035 _a(Sirsi) i9788428329705
040 _aPE-LiUPU
_bspa
_cPE-LiUPU
_erda
082 _a532.0076
_bC32
_c20
082 0 4 _a532.0076
_bC32
100 1 _aCastro Hernández, Elena de,
_eautor
245 1 0 _aEjercicios de clase y problemas de examen resueltos de mecánica de fluidos /
_cElena de Castro Hernández, Juan Manuel Fernández García.
264 1 _aMadrid :
_bEdiciones Paraninfo,
_c2014.
300 _aVIII, 146 páginas :
_bilustraciones ;
_c24 centímetros.
336 _atext
_2rdacontent
337 _aunmediated
_2rdamedia
338 _avolume
_2rdacarrier
504 _aBibliografía : página 147.
505 0 _aIntroducción -- 1. Ejercicios de aplicación de la ecuaciób de conservaciób de la masa -- 2. Ejercicios de fluidoestática -- 3. Ejercicios de aplicación de la ecuación de conservación de la cantidad en movimiento -- 4. Ejercicios de movimiento de líquidos con viscosidad dominante -- 5. Ejercicios de movimiento turbulento de líquidos -- 6. Ejercicios de movimiento de gases en toberas -- 7. Problemas de examen de movimiento de líquidos -- 8. Problemas de examen de movimiento de gases.
526 _aSEG44
526 _aSEG26
526 _aP159
526 _aP155
526 _aP154
526 _aP153
526 _aP150
526 _aP100
526 _aP31
526 _aP30
526 _aP26
526 _aP25
526 _aP24
526 _aP22
526 _aP15
526 _aP10
541 _gF001-0000829;
650 4 _aFluidos, Mecánica de
_xProblemas y ejercicios.
700 1 _aFernández Garcia, Juan Manuel,
_eautor.
910 _ajck
_bebj
_cebj
_d20160524
942 _2ddc
_cBOOK
949 _a532.0076 C32
_wDEWEY
_c1
_i73298
_lCCODEBUL1
_mBUL
_p37.99
_r0
_sY
_tBOOK
_u2016-4-11
_xINGENIERIA
_PP25
_0COMPRA
_o.STAFF. General
949 _a532.0076 C32 2014
_wDEWEY
_c1
_iFJ12572
_lCCODEBUJ1
_mBUJ
_p18.00
_r0
_sY
_tBOOK
_u2019-02-06
_xFIA
_PP25
_o.STAFF -- Colección General Juliaca
994 _aC0
_bPEPRU
596 _a1 3
999 _a532.0076 C32
_wDEWEY
_c9456
_i73298
_d9456
_e2017-9-14
_f2021-11-9
_g7
_lCCODEBUL1
_mBUL
_n5
_p37.99
_q1
_r0
_sY
_tBOOK
_u2016-4-11
_xINGENIERIA
_PP25
_0COMPRA
_o.STAFF. General
999 _a532.0076 C32 2014
_wDEWEY
_c1
_iFJ12572
_d2019-3-7
_f2022-1-19
_g3
_lCCODEBUJ1
_mBUJ
_p18.00
_q1
_r0
_sY
_tBOOK
_u2019-2-6
_xINGENIERIA
_PP25
_0COMPRA
_1FCOMPR2
_o.STAFF. Colección General Juliaca
980 _81
_gALBERTO SANCHEZ Responsable de Automatización